000
00448nam a22001097a 4500
082
_a
330
100
_a
घटना चक्र
_9
81916
245
_a
सामान्य अध्ययन पूर्वावलोकन आथिक एवं सामाजिक विकास - 2023
260
_a
इलाहाबाद
_b
घटना चक्र
_c
2023
650
_a
अर्थशास्त्र
942
_c
C. BOOKS
999
_c
66496
_d
66496